000 00680cam a22002173a 4500
001 39945
003 PGUSA
005 20140828083906.0
008 120608s2012||||xxu|||||s|||||000 | eng d
040 _aPGUSA
_beng
042 _adc
100 1 _aBangs, John Kendrick,
_d1862-1922
245 1 0 _aPeeps at People :
_bBeing Certain Papers from the Writings of Anne Warrington Witherup
_h[electronic resource] /
_cJohn Kendrick Bangs
260 _bProject Gutenberg,
_c2012
506 _aPublic domain in the USA.
516 _aElectronic text
700 1 _aPenfield, Edward
830 0 _aProject Gutenberg
_v39945
856 4 0 _uhttp://www.gutenberg.org/ebooks/39945
942 _cEB
999 _c269198
_d269198